| 000 | 00845cab a2200277 4500 | ||
|---|---|---|---|
| 001 | WB3344-18 | ||
| 008 | 090401t1997 xxu||||| |||| 00| 0 eng d | ||
| 035 | _a(Sirsi) u82097 | ||
| 041 | _aeng | ||
| 245 | _aDebt to Docklands | ||
| 260 | _c1997 | ||
| 350 | _a0 | ||
| 490 |
_aFinancial Times _v14 November 1997, 9(2) |
||
| 520 | _aInvestors are showing an increasing interest in a European market in property-backed debt. The Docklands could prove to be the kickstart the market needs. | ||
| 650 | _aCANARY WHARF | ||
| 650 | _aDOCKLANDS | ||
| 650 | _aINVESTORS | ||
| 650 | _aPROPERTY INVESTMENT | ||
| 650 | _aPROPERTY INVESTORS | ||
| 650 | _aPROPERTY LENDERS | ||
| 650 | _aPROPERTY SECURITISATION | ||
| 650 | _aPROPERTY-BACKED DEBT | ||
| 690 | _aPROPERTY-PROPERTY FINANCE AND INVESTMENT | ||
| 942 | _n0 | ||
| 948 | _c14/11/1997 | ||
| 999 |
_c51785 _d51785 |
||